[Event "Cannes"]
[Site "Cannes"]
[Date "1987.??.??"]
[Round "?"]
[White "Fedorowicz, John P"]
[Black "Polgar, Zsuzsa"]
[Result "1/2-1/2"]
[WhiteElo "2535"]
[BlackElo "2495"]
[PlyCount "32"]
[EventDate "1987.02.??"]
[EventType "tourn"]
[EventRounds "9"]
[EventCountry "FRA"]
[EventCategory "10"]
[Source "ChessBase"]
[SourceDate "1994.03.01"]

1. d4 Nf6 2. c4 e6 3. Nf3 Bb4+ 4. Bd2 c5 5. Bxb4 cxb4 6. Nbd2 O-O 7. e4 d6 8.
Bd3 e5 9. Qb3 exd4 10. Nxd4 Qb6 11. N4f3 Na6 12. O-O Nc5 13. Qc2 Bg4 14. Rfe1
Bxf3 15. Nxf3 Ng4 16. Rad1 Ne5 1/2-1/2

[Event "Cannes"]
[Site "Cannes"]
[Date "1987.??.??"]
[Round "?"]
[White "Miralles, Gilles"]
[Black "Polgar, Zsuzsa"]
[Result "1-0"]
[WhiteElo "2450"]
[BlackElo "2495"]
[PlyCount "83"]
[EventDate "1987.02.??"]
[EventType "tourn"]
[EventRounds "9"]
[EventCountry "FRA"]
[EventCategory "10"]
[Source "ChessBase"]
[SourceDate "1994.03.01"]

1. d4 Nf6 2. c4 e6 3. Nf3 d5 4. Nc3 dxc4 5. e4 Bb4 6. e5 Nd5 7. Bd2 Nb6 8. Ne4
Be7 9. Bc3 Bd7 10. Nfd2 Bc6 11. Qg4 O-O 12. h4 Bd5 13. Rh3 f5 14. exf6 Bxf6 15.
O-O-O Nc6 16. Nc5 Qe7 17. Nde4 Nd7 18. Re3 b6 19. Nxe6 Bxe6 20. Nxf6+ Rxf6 21.
Bxc4 Nd8 22. Rde1 Nf8 23. Bxe6+ Ndxe6 24. d5 Rg6 25. Qe4 Rd8 26. dxe6 Rxe6 27.
Qc4 Rdd6 28. Rg3 g6 29. Rf3 c5 30. a4 Qd7 31. Re5 a6 32. Kc2 b5 33. axb5 axb5
34. Qxc5 b4 35. Rxf8+ Kxf8 36. Rxe6 b3+ 37. Kc1 Qxe6 38. Be5 Kf7 39. Qxd6 Qc4+
40. Bc3 Qf1+ 41. Qd1 Qc4 42. Qf3+ 1-0

[Event "Cannes"]
[Site "Cannes"]
[Date "1987.??.??"]
[Round "?"]
[White "Polgar, Zsuzsa"]
[Black "Gulko, Boris F"]
[Result "0-1"]
[WhiteElo "2495"]
[BlackElo "2525"]
[PlyCount "80"]
[EventDate "1987.02.??"]
[EventType "tourn"]
[EventRounds "9"]
[EventCountry "FRA"]
[EventCategory "10"]
[Source "ChessBase"]
[SourceDate "1994.03.01"]

1. d4 d6 2. Nf3 Nf6 3. c4 Nbd7 4. g3 e5 5. Bg2 Be7 6. O-O O-O 7. Nc3 c6 8. e4
a6 9. Rb1 Re8 10. Re1 Qc7 11. dxe5 Nxe5 12. Nxe5 dxe5 13. b4 h6 14. h3 Nh7 15.
f4 Be6 16. c5 exf4 17. gxf4 Bh4 18. Rf1 Bc4 19. Rf3 Rad8 20. Qc2 Qd7 21. Bf1
Nf8 22. Be3 Bd3 23. Bxd3 Qxd3 24. Qxd3 Rxd3 25. Rc1 Be1 26. Rxe1 Rxc3 27. e5
Ng6 28. Re2 Nh4 29. Rf1 Nf5 30. Kf2 Rd8 31. h4 Rdd3 32. Rfe1 Nxh4 33. Rd2 Rxd2+
34. Bxd2 Rc2 35. Rd1 Rxa2 36. Kf1 Nf5 37. Bc1 Kf8 38. Ke1 Ke7 39. Rd3 Ra1 40.
Kd2 Rb1 0-1

[Event "Bilbao"]
[Site "Bilbao"]
[Date "1987.??.??"]
[Round "?"]
[White "Karpov, Anatoly"]
[Black "Polgar, Zsuzsa"]
[Result "1-0"]
[WhiteElo "2710"]
[BlackElo "2495"]
[PlyCount "81"]
[EventDate "1987.06.??"]
[EventType "tourn"]
[EventRounds "9"]
[EventCountry "ESP"]
[EventCategory "12"]
[Source "ChessBase"]
[SourceDate "1988.04.01"]

1. c4 e5 2. Nc3 Nc6 3. g3 g6 4. Bg2 Bg7 5. e3 d6 6. Rb1 Nge7 7. b4 a6 8. d3 Be6
9. Nd5 O-O 10. Ne2 Qd7 11. Nec3 Nd8 12. a4 Nc8 13. Ne4 f6 14. O-O c6 15. Ndc3
Nf7 16. Qc2 f5 17. Nd2 g5 18. a5 h5 19. f4 Ne7 20. Na4 Rae8 21. Nb6 Qc7 22. Nb3
Ng6 23. Qd1 g4 24. d4 exf4 25. exf4 d5 26. cxd5 Bxd5 27. Nxd5 cxd5 28. Nc5 Qc6
29. Bb2 h4 30. Qb3 Re2 31. Bxd5 Qd6 32. Rfe1 Rxb2 33. Rxb2 Bxd4+ 34. Kf1 Bxb2
35. Re6 Qc7 36. Rxg6+ Kh7 37. Rb6 Bg7 38. Rxb7 Qd6 39. Ne6 Rc8 40. Rxf7 Kh8 41.
Rxf5 1-0

[Event "Bilbao"]
[Site "Bilbao"]
[Date "1987.??.??"]
[Round "?"]
[White "Polgar, Zsuzsa"]
[Black "Fernandez Garcia, Jose Luis"]
[Result "1/2-1/2"]
[WhiteElo "2495"]
[BlackElo "2450"]
[PlyCount "39"]
[EventDate "1987.06.??"]
[EventType "tourn"]
[EventRounds "9"]
[EventCountry "ESP"]
[EventCategory "12"]
[Source "ChessBase"]
[SourceDate "1988.04.01"]

1. d4 Nf6 2. c4 g6 3. Nc3 d5 4. Bf4 Bg7 5. e3 c5 6. dxc5 Qa5 7. Nf3 O-O 8. Rc1
dxc4 9. Bxc4 Qxc5 10. Bb3 Nc6 11. O-O Qa5 12. h3 Qa6 13. Nd4 Bd7 14. Ndb5 Rac8
15. Nc7 Qa5 16. N7d5 Nxd5 17. Qxd5 Qxd5 18. Bxd5 e6 19. Bf3 Ne5 20. Be2 1/2-1/2

[Event "Tatran Cup 35th"]
[Site "Stary Smokovec"]
[Date "1987.10.16"]
[Round "2.6"]
[White "Lengyel, Bela"]
[Black "Polgar, Zsuzsa"]
[Result "1/2-1/2"]
[WhiteElo "2425"]
[BlackElo "2485"]
[PlyCount "91"]
[EventDate "1987.10.15"]
[EventType "tourn"]
[EventRounds "11"]
[EventCountry "CSR"]
[EventCategory "8"]
[Source "ChessBase"]
[SourceDate "1996.11.15"]

1. e4 c5 2. Nf3 Nc6 3. d4 cxd4 4. Nxd4 Nf6 5. Nc3 e5 6. Ndb5 d6 7. Be3 a6 8.
Na3 Rb8 9. Nd5 Nxd5 10. exd5 Ne7 11. Bc4 Ng6 12. O-O Be7 13. Re1 O-O 14. Bf1 f5
15. Bd2 Bd7 16. Nc4 Bb5 17. b3 e4 18. a4 Bxc4 19. bxc4 Ne5 20. a5 Qe8 21. Ra3
Qf7 22. Bf4 Bf6 23. Rb3 Rfc8 24. Qb1 Qd7 25. Qa2 Bd8 26. Bxe5 dxe5 27. Reb1 Rc5
28. Qb2 Bxa5 29. Rxb7 Rxb7 30. Qxb7 Qxb7 31. Rxb7 Bc7 32. Ra7 a5 33. Be2 Kf8
34. Kf1 Ke7 35. Ke1 a4 36. Kd2 Kd7 37. Kc3 Ra5 38. Rb7 a3 39. Rb1 a2 40. Ra1
Bb6 41. Kb4 Kd6 42. f3 exf3 43. gxf3 g5 44. c3 h5 45. h3 h4 46. Bd3 1/2-1/2

[Event "Tatran Cup 35th"]
[Site "Stary Smokovec"]
[Date "1987.10.19"]
[Round "5.2"]
[White "Robatsch, Karl"]
[Black "Polgar, Zsuzsa"]
[Result "1/2-1/2"]
[WhiteElo "2410"]
[BlackElo "2485"]
[PlyCount "33"]
[EventDate "1987.10.15"]
[EventType "tourn"]
[EventRounds "11"]
[EventCountry "CSR"]
[EventCategory "8"]
[Source "ChessBase"]
[SourceDate "1996.11.15"]

1. Nf3 d5 2. d4 c5 3. c4 dxc4 4. d5 e6 5. e4 Nf6 6. Nc3 exd5 7. exd5 Bd6 8.
Bxc4 O-O 9. O-O Bg4 10. Nb5 Be5 11. Be2 Bxf3 12. Bxf3 Nbd7 13. Be3 Qb6 14. Qb3
a6 15. Nc3 Qxb3 16. axb3 h6 17. Rfd1 1/2-1/2

[Event "Tatran Cup 35th"]
[Site "Stary Smokovec"]
[Date "1987.10.22"]
[Round "7.3"]
[White "Kindermann, Stefan"]
[Black "Polgar, Zsuzsa"]
[Result "1/2-1/2"]
[WhiteElo "2490"]
[BlackElo "2485"]
[PlyCount "34"]
[EventDate "1987.10.15"]
[EventType "tourn"]
[EventRounds "11"]
[EventCountry "CSR"]
[EventCategory "8"]
[Source "ChessBase"]
[SourceDate "1996.11.15"]

1. e4 e5 2. Bc4 Nc6 3. Nf3 Bc5 4. d3 Nf6 5. O-O O-O 6. c3 d6 7. Bb3 a6 8. Nbd2
Ba7 9. Nc4 h6 10. Be3 Bxe3 11. fxe3 Be6 12. Qe1 Bxc4 13. Bxc4 Na5 14. Bb3 Nxb3
15. axb3 d5 16. Nxe5 dxe4 17. d4 Nd7 1/2-1/2

[Event "Tatran Cup 35th"]
[Site "Stary Smokovec"]
[Date "1987.10.23"]
[Round "8.4"]
[White "Polgar, Zsuzsa"]
[Black "Plachetka, Jan"]
[Result "1/2-1/2"]
[WhiteElo "2485"]
[BlackElo "2430"]
[PlyCount "61"]
[EventDate "1987.10.15"]
[EventType "tourn"]
[EventRounds "11"]
[EventCountry "CSR"]
[EventCategory "8"]
[Source "ChessBase"]
[SourceDate "1996.11.15"]

1. d4 Nf6 2. c4 e6 3. Nf3 d5 4. Nc3 Nbd7 5. cxd5 exd5 6. Bg5 Be7 7. e3 O-O 8.
Bd3 c6 9. Qc2 Re8 10. O-O Nf8 11. Rab1 Ng6 12. Bxf6 Bxf6 13. b4 Be7 14. Bf5 a6
15. Na4 Bd6 16. Nc5 Qc7 17. a4 Nf8 18. Rfc1 g6 19. Bxc8 Raxc8 20. Qb3 Nd7 21.
Rc2 Nf6 22. Rbc1 Ne4 23. h3 Kg7 24. Nd3 Qd7 25. Nde5 Qe6 26. Nd3 Ra8 27. Nc5
Qe7 28. b5 axb5 29. axb5 Bxc5 30. dxc5 Qf6 31. Nd4 1/2-1/2

[Event "Tatran Cup 35th"]
[Site "Stary Smokovec"]
[Date "1987.10.25"]
[Round "10.3"]
[White "Polgar, Zsuzsa"]
[Black "Gross, Stefan"]
[Result "1-0"]
[WhiteElo "2485"]
[BlackElo "2430"]
[PlyCount "71"]
[EventDate "1987.10.15"]
[EventType "tourn"]
[EventRounds "11"]
[EventCountry "CSR"]
[EventCategory "8"]
[Source "ChessBase"]
[SourceDate "1996.11.15"]

1. d4 Nf6 2. Nf3 g6 3. g3 Bg7 4. Bg2 O-O 5. O-O c5 6. c4 cxd4 7. Nxd4 Nc6 8.
Nc3 Nxd4 9. Qxd4 d6 10. Qd3 Nd7 11. b3 Nc5 12. Qd2 Rb8 13. Bb2 a6 14. Nd5 Bxb2
15. Qxb2 b5 16. cxb5 axb5 17. Rfd1 Bb7 18. h4 Bxd5 19. Rxd5 Nd7 20. h5 Nf6 21.
h6 Rb6 22. Rad1 Qc7 23. Rc1 Rc6 24. Rxc6 Qxc6 25. Rf5 Qe8 26. Rf4 Qd8 27. a4 e5
28. Rb4 Qa5 29. Qd2 bxa4 30. bxa4 d5 31. Qg5 Ne8 32. Qe7 e4 33. Rb8 Qxa4 34.
Qe5 f6 35. Qe6+ Kh8 36. Qe7 1-0

[Event "Tatran Cup 35th"]
[Site "Stary Smokovec"]
[Date "1987.10.26"]
[Round "11.5"]
[White "Beil, Zdenek"]
[Black "Polgar, Zsuzsa"]
[Result "1/2-1/2"]
[WhiteElo "2405"]
[BlackElo "2485"]
[PlyCount "28"]
[EventDate "1987.10.15"]
[EventType "tourn"]
[EventRounds "11"]
[EventCountry "CSR"]
[EventCategory "8"]
[Source "ChessBase"]
[SourceDate "1996.11.15"]

1. d4 Nf6 2. c4 e6 3. g3 Bb4+ 4. Bd2 c5 5. Bxb4 cxb4 6. Nf3 O-O 7. Bg2 d6 8.
O-O Nc6 9. a3 bxa3 10. Rxa3 e5 11. Nc3 Bg4 12. dxe5 dxe5 13. Nd5 e4 14. Ng5
Nxd5 1/2-1/2

[Event "Egilsstadir m"]
[Site "Egilsstadir"]
[Date "1988.??.??"]
[Round "?"]
[White "Jonsson, Bjorgvin"]
[Black "Polgar, Zsuzsa"]
[Result "0-1"]
[WhiteElo "2375"]
[BlackElo "2475"]
[PlyCount "84"]
[EventDate "1988.??.??"]
[EventType "match"]
[EventRounds "2"]
[EventCountry "ISL"]
[Source "ChessBase"]
[SourceDate "2001.11.25"]

1. e4 c5 2. Nf3 Nc6 3. d4 cxd4 4. Nxd4 e5 5. Nb5 d6 6. N1c3 a6 7. Na3 b5 8. Nd5
Nge7 9. Bg5 h6 10. Qh5 Be6 11. Bd3 Rb8 12. c4 Nd4 13. cxb5 hxg5 14. Qxh8 Nxd5
15. exd5 Qa5+ 16. Kd1 Bg4+ 17. f3 Nxf3 18. gxf3 Bxf3+ 19. Kc2 Rc8+ 20. Bc4 Bxh1
21. Rxh1 axb5 22. Qh3 Qa6 23. Rf1 f6 24. Qe6+ Kd8 25. Qf7 Be7 26. Qg8+ Kd7 27.
Qe6+ Kd8 28. Rf3 bxc4 29. Rh3 Qa4+ 30. Kc1 Qe8 31. Rc3 Bf8 32. Qh3 Qd7 33. Qh8
Ke7 34. Nxc4 Qg4 35. Ne3 Rxc3+ 36. bxc3 Qf3 37. Kd2 f5 38. Qg8 Qf2+ 39. Kd3 e4+
40. Kc4 Qxe3 41. Qe6+ Kd8 42. Qxf5 Qf4 0-1

[Event "HUN-chT 8788"]
[Site "Hungary"]
[Date "1987.??.??"]
[Round "?"]
[White "Navarovszky, Laszlo"]
[Black "Polgar, Zsuzsa"]
[Result "0-1"]
[WhiteElo "2355"]
[BlackElo "2495"]
[PlyCount "88"]
[EventDate "1988.??.??"]
[EventType "team"]
[EventRounds "13"]
[EventCountry "HUN"]
[Source "ChessBase"]
[SourceDate "2009.11.30"]

1. d4 Nf6 2. Nf3 g6 3. Bf4 Bg7 4. e3 O-O 5. h3 d6 6. Bc4 d5 7. Bd3 c5 8. c3 Qb6
9. Qc1 Nc6 10. O-O Nd7 11. Nbd2 e5 12. dxe5 Ndxe5 13. Nxe5 Nxe5 14. Bxe5 Bxe5
15. Nf3 Bg7 16. Qd2 Bd7 17. Rad1 Rad8 18. Qc1 Bc6 19. Be2 Rfe8 20. Rd2 Qa5 21.
Rfd1 Ba4 22. Rf1 Qb6 23. Re1 Qf6 24. Nh2 h5 25. Bd1 Bb5 26. Bf3 Qg5 27. Red1 d4
28. cxd4 cxd4 29. exd4 Bh6 30. g3 Rc8 31. h4 Qf5 32. Qa1 Bxd2 33. Rxd2 Rc2 34.
Qd1 Rxd2 35. Qxd2 Qb1+ 36. Kg2 Re1 37. Bxb7 Rg1+ 38. Kf3 Qf5+ 39. Qf4 Qd3+ 40.
Qe3 Qf5+ 41. Qf4 Qh3 42. Qb8+ Kh7 43. Ke3 Qe6+ 44. Be4 Re1+ 0-1

[Event "HUN-chT 8788"]
[Site "Hungary"]
[Date "1987.??.??"]
[Round "?"]
[White "Polgar, Zsuzsa"]
[Black "Vigh, Bela"]
[Result "1-0"]
[WhiteElo "2495"]
[BlackElo "2365"]
[PlyCount "83"]
[EventDate "1988.??.??"]
[EventType "team"]
[EventRounds "13"]
[EventCountry "HUN"]
[Source "ChessBase"]
[SourceDate "2009.11.30"]

1. d4 d6 2. e4 g6 3. c4 Bg7 4. Nc3 f5 5. exf5 Bxf5 6. Nf3 Nh6 7. Be2 O-O 8. O-O
Nf7 9. Be3 Na6 10. Qb3 Qc8 11. c5 c6 12. Rfe1 Nc7 13. Rad1 d5 14. Nh4 Bd7 15.
f4 Nh6 16. Qc2 Bg4 17. g3 Bxe2 18. Qxe2 Qh3 19. Nf3 Rae8 20. Qg2 Qxg2+ 21. Kxg2
Nf7 22. Re2 e6 23. Rc1 Rb8 24. Nd1 Rfe8 25. Nf2 Bf6 26. Ng4 Bg7 27. Nf2 Bf6 28.
a4 Bg7 29. Nd3 Bf6 30. Bd2 Re7 31. g4 Rbe8 32. h4 Bg7 33. Rce1 Kf8 34. Ba5 Na8
35. g5 Nh8 36. Nf2 h5 37. gxh6 Bxh6 38. Ng5 Bxg5 39. hxg5 Rf7 40. Kg3 Rc7 41.
Ng4 Nf7 42. Nf6 1-0

[Event "Royan"]
[Site "Royan"]
[Date "1988.??.??"]
[Round "?"]
[White "Polgar, Zsuzsa"]
[Black "Kortschnoj, Viktor"]
[Result "1/2-1/2"]
[WhiteElo "2480"]
[BlackElo "2640"]
[PlyCount "36"]
[EventDate "1988.??.??"]
[EventType "game"]
[EventCountry "FRA"]
[Source "ChessBase"]
[SourceDate "1989.04.01"]

1. d4 Nf6 2. c4 g6 3. Nc3 d5 4. cxd5 Nxd5 5. e4 Nxc3 6. bxc3 c5 7. Nf3 Bg7 8.
Bb5+ Bd7 9. Be2 cxd4 10. cxd4 Bc6 11. Qd3 O-O 12. O-O e6 13. Bg5 Qa5 14. Qe3
Nd7 15. h4 Rfe8 16. h5 f6 17. Bf4 gxh5 18. e5 Bxf3 1/2-1/2

[Event "Royan"]
[Site "Royan"]
[Date "1988.??.??"]
[Round "?"]
[White "Polgar, Zsuzsa"]
[Black "Kouatly, Bachar"]
[Result "1-0"]
[WhiteElo "2480"]
[BlackElo "2450"]
[PlyCount "105"]
[EventDate "1988.??.??"]
[EventType "game"]
[EventCountry "FRA"]
[Source "ChessBase"]
[SourceDate "1989.04.01"]

1. d4 Nf6 2. Nf3 g6 3. Nc3 d5 4. Bf4 Bg7 5. e3 O-O 6. Be2 c5 7. dxc5 Qa5 8. O-O
Qxc5 9. Nb5 a6 10. Nbd4 Nc6 11. Nxc6 bxc6 12. c4 Ne4 13. Be5 Bxe5 14. Nxe5 f6
15. Nd3 Qd6 16. Rc1 Be6 17. Qc2 Bf7 18. Rfd1 e5 19. cxd5 cxd5 20. f3 Ng5 21.
Qc6 Rfd8 22. f4 exf4 23. exf4 Ne6 24. Qxd6 Rxd6 25. g3 a5 26. Rd2 Nd4 27. Bd1
Rc6 28. Kf2 Rac8 29. Rxc6 Rxc6 30. Nb4 axb4 31. Rxd4 Rc1 32. Ke3 Kf8 33. Kd2
Rc4 34. Kd3 Rc1 35. Bf3 Ra1 36. Rxb4 Rxa2 37. Rb8+ Kg7 38. Rb7 Ra5 39. Kd4 Kf8
40. b4 Ra1 41. b5 h5 42. b6 Rb1 43. Kc5 g5 44. Bxd5 Bxd5 45. Kxd5 gxf4 46. gxf4
Rb2 47. h3 Kg8 48. Ke6 Rb3 49. Kxf6 Rxh3 50. Rg7+ Kh8 51. b7 Rb3 52. Rc7 h4 53.
Rc8+ 1-0

[Event "Royan"]
[Site "Royan"]
[Date "1988.??.??"]
[Round "?"]
[White "Polgar, Zsuzsa"]
[Black "Pfleger, Helmut"]
[Result "1/2-1/2"]
[WhiteElo "2480"]
[BlackElo "2485"]
[PlyCount "23"]
[EventDate "1988.??.??"]
[EventType "game"]
[EventCountry "FRA"]
[Source "ChessBase"]
[SourceDate "1989.04.01"]

1. d4 d5 2. c4 Nf6 3. Nf3 e6 4. Nc3 Be7 5. Bg5 O-O 6. e3 h6 7. Bh4 b6 8. cxd5
exd5 9. Bd3 Bb7 10. O-O Nbd7 11. Qc2 c5 12. Rad1 1/2-1/2

[Event "Val Maubuee op"]
[Site "Val Maubuee"]
[Date "1988.??.??"]
[Round "?"]
[White "Petracco, Gilles"]
[Black "Polgar, Zsuzsa"]
[Result "0-1"]
[WhiteElo "1960"]
[BlackElo "2475"]
[PlyCount "80"]
[EventDate "1988.??.??"]
[EventType "swiss"]
[EventRounds "9"]
[EventCountry "FRA"]
[Source "ChessBase"]
[SourceDate "1996.11.15"]

1. d4 f5 2. g3 Nf6 3. Bg2 g6 4. Nf3 Bg7 5. O-O O-O 6. b3 d6 7. Bb2 Nh5 8. Nbd2
Nc6 9. Nc4 Qe8 10. d5 Bxb2 11. Nxb2 Ne5 12. Nd4 f4 13. Nd3 fxg3 14. hxg3 Ng4
15. e3 g5 16. Ne6 Bxe6 17. dxe6 Nhf6 18. Bh3 Qh5 19. Kg2 Nxe3+ 20. fxe3 g4 21.
Nf4 gxh3+ 22. Nxh3 Ng4 23. Qd3 Qd5+ 24. Qxd5 Nxe3+ 25. Kg1 Nxd5 26. c4 Ne3 27.
Rxf8+ Rxf8 28. Nf4 c6 29. Re1 Nf5 30. Kg2 Nh4+ 31. Kf2 Ng6 32. Ke3 Rf5 33. Nd3
Rf6 34. Kd4 c5+ 35. Kd5 Rf3 36. Nxc5 dxc5 37. Kxc5 Rxg3 38. Rd1 h5 39. Rd8+ Kg7
40. Rb8 b6+ 0-1

[Event "Val Maubuee op"]
[Site "Val Maubuee"]
[Date "1988.??.??"]
[Round "?"]
[White "Polaczek, Richard"]
[Black "Polgar, Zsuzsa"]
[Result "1/2-1/2"]
[WhiteElo "2280"]
[BlackElo "2475"]
[PlyCount "99"]
[EventDate "1988.??.??"]
[EventType "swiss"]
[EventRounds "9"]
[EventCountry "FRA"]
[Source "ChessBase"]
[SourceDate "1996.11.15"]

1. e4 e5 2. Nf3 Nc6 3. Bb5 g6 4. d4 exd4 5. Bg5 Be7 6. Bxe7 Ngxe7 7. Nxd4 O-O
8. O-O d6 9. Nc3 Be6 10. Re1 a6 11. Nxe6 fxe6 12. Bc4 Qc8 13. Qg4 Nd8 14. Ne2
Kh8 15. Qh4 Qd7 16. Rad1 e5 17. f4 Ndc6 18. Bd5 Rae8 19. Rf1 Ng8 20. Rd3 Nb4
21. Rb3 Nxd5 22. exd5 b5 23. Rc3 Qg7 24. Rd1 Re7 25. fxe5 Rxe5 26. Ng3 g5 27.
Qb4 Rf4 28. Qa5 Re7 29. Rb3 Qf7 30. Qd2 Nf6 31. Rd3 Ng4 32. Rd4 Qf6 33. Rxf4
gxf4 34. Rf1 Qh4 35. Qd4+ Kg8 36. h3 Qxg3 37. hxg4 Re2 38. Rf2 f3 39. Kf1 fxg2+
40. Kxe2 g1=Q 41. Rf8+ Kxf8 42. Qf6+ Ke8 43. Qe6+ Kd8 44. Qg8+ Ke7 45. Qe6+ Kf8
46. Qf6+ Kg8 47. Qd8+ Kf7 48. Qd7+ Kf6 49. Qe6+ Kg7 50. Qe7+ 1/2-1/2

[Event "Val Maubuee op"]
[Site "Val Maubuee"]
[Date "1988.??.??"]
[Round "?"]
[White "Polgar, Zsuzsa"]
[Black "Caminade, Christian"]
[Result "1-0"]
[WhiteElo "2475"]
[BlackElo "2170"]
[PlyCount "43"]
[EventDate "1988.??.??"]
[EventType "swiss"]
[EventRounds "9"]
[EventCountry "FRA"]
[Source "ChessBase"]
[SourceDate "1996.11.15"]

1. d4 Nf6 2. c4 g6 3. Nc3 Bg7 4. e4 d6 5. f3 O-O 6. Be3 e5 7. d5 c6 8. Qd2 cxd5
9. cxd5 a6 10. Bd3 Nbd7 11. Nge2 Nh5 12. O-O f5 13. exf5 gxf5 14. Bxf5 Rxf5 15.
g4 Rf7 16. gxh5 Nb6 17. b3 Bh3 18. Rf2 Rc8 19. Ne4 Bf6 20. Nxf6+ Rxf6 21. Bg5
Kf7 22. Ng3 1-0

[Event "Val Maubuee op"]
[Site "Val Maubuee"]
[Date "1988.??.??"]
[Round "?"]
[White "Polgar, Zsuzsa"]
[Black "Lukez, Franko"]
[Result "1-0"]
[WhiteElo "2475"]
[BlackElo "2325"]
[PlyCount "43"]
[EventDate "1988.??.??"]
[EventType "swiss"]
[EventRounds "9"]
[EventCountry "FRA"]
[Source "ChessBase"]
[SourceDate "1996.11.15"]

1. d4 Nf6 2. Nf3 e6 3. Bf4 c5 4. e3 Qb6 5. Nc3 d5 6. Nb5 Na6 7. a4 Be7 8. a5
Qd8 9. c3 c4 10. b3 cxb3 11. Qxb3 O-O 12. Bd3 Nh5 13. Be5 f6 14. Bg3 Nxg3 15.
hxg3 f5 16. g4 Nb8 17. gxf5 exf5 18. c4 Nc6 19. cxd5 Nxa5 20. Qa2 Bb4+ 21. Ke2
Rf6 22. Ng5 1-0

[Event "Val Maubuee op"]
[Site "Val Maubuee"]
[Date "1988.??.??"]
[Round "?"]
[White "Polgar, Zsuzsa"]
[Black "Paris, Thierry"]
[Result "1-0"]
[WhiteElo "2475"]
[BlackElo "1760"]
[PlyCount "41"]
[EventDate "1988.??.??"]
[EventType "swiss"]
[EventRounds "9"]
[EventCountry "FRA"]
[Source "ChessBase"]
[SourceDate "1996.11.15"]

1. d4 Nf6 2. c4 c5 3. d5 b5 4. cxb5 a6 5. f3 d6 6. e4 Nbd7 7. a4 g6 8. Na3 Bg7
9. Ne2 O-O 10. Nc3 Ne8 11. Be2 Bd4 12. Nc2 Qb6 13. a5 Bxc3+ 14. bxc3 Qb7 15. b6
Nef6 16. Bh6 Rd8 17. Ne3 Nf8 18. Qd2 e6 19. Bg5 Qe7 20. Ng4 N8d7 21. e5 1-0

[Event "WDR Match TV g/60"]
[Site "Cologne"]
[Date "1988.??.??"]
[Round "?"]
[White "Hickl, Joerg"]
[Black "Polgar, Zsuzsa"]
[Result "1/2-1/2"]
[WhiteElo "2485"]
[BlackElo "2475"]
[PlyCount "81"]
[EventDate "1988.??.??"]
[EventType "game"]
[EventRounds "1"]
[EventCountry "GER"]
[Source "ChessBase"]
[SourceDate "2005.11.24"]

1. c4 f5 2. Nc3 Nf6 3. d3 e5 4. g3 g6 5. Bg2 Bg7 6. Bd2 d6 7. Nf3 Nc6 8. Rb1 h6
9. O-O Be6 10. b4 g5 11. b5 Ne7 12. Ne1 Qc8 13. Nc2 f4 14. Nb4 Bh3 15. e3 Bg4
16. f3 fxe3 17. fxg4 exd2 18. Ne4 O-O 19. h3 Nxe4 20. Rxf8+ Qxf8 21. Bxe4 c6
22. Qxd2 cxb5 23. cxb5 Qd8 24. Nd5 Nxd5 25. Bxd5+ Kh8 26. Kg2 Qb6 27. Be4 Rd8
28. Bd5 Rf8 29. Qe2 Qc7 30. a4 b6 31. Rf1 Rxf1 32. Kxf1 Qc5 33. Bb3 d5 34. Kg2
Qd4 35. Qc2 Kh7 36. Kf3 Qg1 37. Bxd5 Qf1+ 38. Ke3 Qe1+ 39. Kf3 Qf1+ 40. Ke3
Qe1+ 41. Kf3 1/2-1/2

[Event "Wellington"]
[Site "Wellington"]
[Date "1988.??.??"]
[Round "?"]
[White "Polgar, Zsuzsa"]
[Black "Christiansen, Larry Mark"]
[Result "0-1"]
[WhiteElo "2475"]
[BlackElo "2575"]
[PlyCount "116"]
[EventDate "1988.03.??"]
[EventType "tourn"]
[EventRounds "11"]
[EventCountry "NZL"]
[EventCategory "8"]
[Source "ChessBase"]
[SourceDate "1988.12.01"]

1. d4 Nf6 2. c4 e6 3. Nf3 Bb4+ 4. Bd2 Qe7 5. g3 Nc6 6. Bg2 Bxd2+ 7. Nbxd2 d6 8.
O-O a5 9. e4 e5 10. d5 Nb8 11. Ne1 Na6 12. Nd3 O-O 13. f4 c6 14. Qb3 Nd7 15.
Qa3 Nac5 16. Nxc5 Nxc5 17. b4 Nd7 18. Rac1 c5 19. b5 g6 20. Rce1 Kg7 21. Qc3 b6
22. Nf3 Re8 23. Rf2 Nf8 24. fxe5 dxe5 25. h3 h6 26. Ref1 Ra7 27. h4 Nh7 28. Qe3
Qd6 29. Nh2 h5 30. Qf3 Rf8 31. Qe2 Qd8 32. Nf3 Bg4 33. Qb2 Bxf3 34. Rxf3 Qe7
35. Bh3 Raa8 36. Qd2 Rad8 37. R1f2 Rd6 38. Qe3 Rf6 39. Rxf6 Nxf6 40. Qg5 Qd6
41. Qe3 Rh8 42. Kf1 Ne8 43. Qg5 f6 44. Qe3 Qe7 45. Be6 Nd6 46. Qe2 Kf8 47. Ke1
Qg7 48. Kd1 Ke7 49. Kc2 Qh6 50. Rf1 g5 51. Kd3 Rh7 52. Qf3 gxh4 53. gxh4 Rg7
54. Bf5 a4 55. Qh3 Nxc4 56. Rf2 Qc1 57. Bc8 Qd1+ 58. Kc3 Qd4+ 0-1

[Event "Wellington"]
[Site "Wellington"]
[Date "1988.??.??"]
[Round "?"]
[White "Sarfati, Jonathan D"]
[Black "Polgar, Zsuzsa"]
[Result "0-1"]
[WhiteElo "2250"]
[BlackElo "2475"]
[PlyCount "76"]
[EventDate "1988.03.??"]
[EventType "tourn"]
[EventRounds "11"]
[EventCountry "NZL"]
[EventCategory "8"]
[Source "ChessBase"]
[SourceDate "1988.12.01"]

1. e4 e5 2. Nf3 Nc6 3. Bb5 Nf6 4. O-O Nxe4 5. d4 Be7 6. Qe2 Nd6 7. Bxc6 bxc6 8.
dxe5 Nb7 9. Nc3 O-O 10. Nd4 Bc5 11. Be3 Re8 12. f4 f6 13. Ne4 Bxd4 14. Bxd4 d5
15. Nc5 Nxc5 16. Bxc5 Bf5 17. Qd2 Be4 18. exf6 Qxf6 19. b4 Qf5 20. Rf2 Re6 21.
Re1 a6 22. Re3 Rg6 23. Qc3 Re8 24. Bd4 Ree6 25. Rg3 Rxg3 26. Qxg3 Rg6 27. Qc3
h5 28. Bc5 h4 29. h3 Rg3 30. Qe5 Qg6 31. Qxc7 Rxg2+ 32. Kf1 Rg1+ 33. Ke2 Qh5+
34. Ke3 Re1+ 35. Kd4 Qd1+ 36. Ke5 Qa1+ 37. Bd4 Bg6+ 38. Kd6 Qxd4 0-1

[Event "Wch U20"]
[Site "Adelaide"]
[Date "1988.??.??"]
[Round "3"]
[White "Polgar, Zsuzsa"]
[Black "Gdanski, Jacek"]
[Result "1/2-1/2"]
[WhiteElo "2490"]
[BlackElo "2395"]
[PlyCount "43"]
[EventDate "1988.09.??"]
[EventType "swiss"]
[EventRounds "13"]
[EventCountry "AUS"]
[Source "ChessBase"]
[SourceDate "1994.03.01"]

1. d4 Nf6 2. c4 c5 3. d5 g6 4. Nc3 d6 5. e4 Bg7 6. Bd3 O-O 7. h3 e6 8. Nf3 exd5
9. cxd5 b5 10. O-O b4 11. Na4 Ba6 12. Re1 Bxd3 13. Qxd3 Nbd7 14. Bf4 Nb6 15.
Nxb6 axb6 16. a3 Re8 17. Rad1 bxa3 18. bxa3 Ra4 19. Nd2 Rd4 20. Qf3 b5 21. Rb1
c4 22. Qe3 1/2-1/2

[Event "Wch U20"]
[Site "Adelaide"]
[Date "1988.??.??"]
[Round "6"]
[White "Lautier, Joel"]
[Black "Polgar, Zsuzsa"]
[Result "1/2-1/2"]
[WhiteElo "2365"]
[BlackElo "2490"]
[PlyCount "61"]
[EventDate "1988.09.??"]
[EventType "swiss"]
[EventRounds "13"]
[EventCountry "AUS"]
[Source "ChessBase"]
[SourceDate "1994.03.01"]

1. d4 d5 2. c4 dxc4 3. Nf3 c5 4. d5 e6 5. Nc3 Ne7 6. e4 exd5 7. exd5 Nf5 8.
Bxc4 Nd6 9. Bd3 Be7 10. h3 O-O 11. O-O Bf5 12. Bf4 Bxd3 13. Qxd3 Nd7 14. Rfe1
Re8 15. Re2 c4 16. Qd2 Nc5 17. Qd4 Nd3 18. Bxd6 Bxd6 19. Qxc4 Nf4 20. Rxe8+
Qxe8 21. g3 Ng6 22. Re1 Qd7 23. Qg4 Qxg4 24. hxg4 Rd8 25. Re4 Kf8 26. Kg2 Ne7
27. Rc4 h6 28. Kf1 a6 29. a4 a5 30. Nd4 Be5 31. Ndb5 1/2-1/2